00785cam a22002295a 450000100060000000300080000600500170001400800390003103500190007004000270008904100080011608200210012410000400014524500570018526000420024230000210028450400200030560000690032594200120039499900170040695201320042317556BD-RjUL20211209000147.0140217t1965 enk 001 0 eng a(BD-RjUL)17614 aDLCcDLCbengdBD-RjUL aeng04a822.33bCOS 19651 aCoghill, Nevill,d1899-1980.95410510aShakespeare's professional skills /cNevill Coghill. aCambridge :bUniversity Press,c1965. a224 p. ;c24 cm. aincludes index.10aShakespeare, William,d1564-1616xKnowledge and learning.954110 2ddccBK c17556d17556 00102ddc40718FICaRUCLbRUCLcReadingd1969-11-29eZietg0.45l0o822.33 COS 1965r2014-02-17 00:00:00tC-1w2014-02-17yBK